Bilecik Bilecik Bilecik Bilecik Bilecik

Şiirimizde Hz. peygamber ve gül (1860- 2011)/ (Record no. 43326)

MARC details
000 -BAŞLIK
Sabit Uzunluktaki Kontrol Alanı 01113nam a22003617a 4500
001 - KONTROL NUMARASI
Control Dosyası 0043509
003 - KONTROL NUMARASI KİMLİĞİ
Kontrol Alanı KOHA_MİRAKIL
005 - EN SON İŞLEM TARİHİ ve ZAMANI
Kontrol Alanı 20260207003352.0
007 - FİZİKSEL TANIM SABİT ALAN - GENEL BİLGİ
Sabit uzunluklu kontrol alanı ta
008 - SABİT UZUNLUKTAKİ VERİ ÖGELERİ - GENEL BİLGİ
Sabit Alan 130730b2012 tu |||gr||||#0|||1|tur |
020 ## - ISBN - ULUSLARARASI STANDART KİTAP NUMARASI
Isbn 9786053420262
040 ## - KATALOGLAMA KAYNAĞI
Özgün Kataloglama Kurumu TR-BiSEU
Kataloglama Dili tur
Çeviri Kurumu TR-BiSEU
Açıklama Kuralları rda
041 0# - DİL KODU
Metin ya da ses kaydının dil kodu tur
044 ## - YAYINLAYAN/ÜRETEN KURULUŞUN ÜLKE KODU
ISO country code tu
050 ## - SINIFLAMA ve YER NUMARASI
Sınıflama Numarası PL248.C48
Yer Numarası S55 2012
100 1# - KİŞİ ADI
Yazar Adı (Kişi adı) Çetişli, İsmail.
245 1# - ESER ADI BİLDİRİMİ
Başlık Şiirimizde Hz. peygamber ve gül (1860- 2011)/
Sorumluluk Bildirimi İsmail Çetişli ; İsmail Çetişli.
264 #1 - ÜRERİM, YAYIN, DAĞITIM ve TELİF BİLDİRİMİ
Yayın yeri Ankara :
Yayınlayan Akçağ Yayınları
Yayın tarihi 2012
300 ## - FİZİKSEL TANIMLAMA
Sayfa, Cilt vb. 255 sayfa ;
Boyutları 23 cm.
336 ## - İÇERİK TÜRÜ
Content type term metin
Content type code txt
Source rdacontent
337 ## - MEDYA TÜRÜ
Media type term aracısız
Media type code n
Source rdamedia
338 ## - TAŞIYICI TÜRÜ
Carrier type term cilt
Carrier type code nc
Source rdacarrier
490 1# - DİZİ BİLDİRİMİ
Dizi Bildirimi Akçağ Yayınları ;
Cilt Numarası 1119.
490 1# - DİZİ BİLDİRİMİ
Dizi Bildirimi Yeni Türk Edebiyatı ;
Cilt Numarası 96.
490 1# - DİZİ BİLDİRİMİ
Dizi Bildirimi Bütün Eserler ;
Cilt Numarası 4.
500 ## - GENEL NOT
Genel Not Kaynakça var.
650 #0 - KONU BAŞLIĞI EK GİRİŞ - KONU TERİMİ
Konusal terim veya coğrafi ad Türk şiiri--İnceleme--Peygamber.
9 (RLIN) 81110
830 1# - SERİ EK GİRİŞİ - TEKBİÇİM ESER ADI
Tekbiçim Başlık Akçağ Yayınları ;
Volume number/sequential designation 1119.
9 (RLIN) 13384
830 1# - SERİ EK GİRİŞİ - TEKBİÇİM ESER ADI
Tekbiçim Başlık Yeni Türk Edebiyatı ;
Volume number/sequential designation 96.
9 (RLIN) 64916
830 1# - SERİ EK GİRİŞİ - TEKBİÇİM ESER ADI
Tekbiçim Başlık Bütün Eserler ;
Volume number/sequential designation 4.
9 (RLIN) 23519
907 ## - LOCAL DATA ELEMENT G, LDG (RLIN)
a Roman
942 ## - EK GİRİŞ ÖGELERİ (KOHA)
Source of classification or shelving scheme Library of Congress Classification
Koha item type Book
Holdings
Materyal Türü Kalıcı Konum Mevcut Konum Raf Yeri Sınıflandırma Kaynağı Edinim Bilgisi Ana Konular Alt Konular Yer Numarası Demirbaş Numarası Fatura Tarihi Maliyet, Alış Fiyatı Maliyet, Yenileme Fiyatı Geri Çekilme Durumu Kayıp Durumu Hasarlı Durumu Kredi için değil Kayıt Tarih Toplam Ödünçverme Son Görülme Tarihi Son Kontrol Tarihi Satın Alma Notu
Book Prof. Dr. Azmi Özcan Kütüphanesi Prof. Dr. Azmi Özcan Kütüphanesi Birûni Salonu Library of Congress Classification Satın DİL VE EDEBİYAT Doğu Asya, Afrika, Okyanusya Dilleri ve Edebiyatları PL248.C48 S55 2012 0043509 24/09/2013 5.92 5.92         30/07/2013   05/12/2024 05/12/2024 73291-73383 (92 sayfa)